| 000 | 00663nam a2200217 i 4500 | ||
|---|---|---|---|
| 001 | 9275 | ||
| 003 | ES-MaACL | ||
| 005 | 20250630063512.0 | ||
| 007 | t| | ||
| 008 | 930604s1989 cu ||||1| spa d | ||
| 080 | _a86.0(728.5)(Darío,R.1.06) | ||
| 100 | 1 |
_aAugier, Ángel, _d1910-2010 _923888 |
|
| 245 | 1 | 0 |
_aCuba en Darío y Darío en Cuba / _cAngel Augier. |
| 260 |
_aLa Habana : _bLetras Cubanas, _c1989. |
||
| 300 |
_a339 p., [14] p. de lám. ; _c18 cm. |
||
| 490 | 1 | _aEnsayo | |
| 600 | 1 | 4 |
_aDarío, Rubén, _d1867-1916- _xInfluencia cubana _942723 |
| 830 | 0 |
_aEnsayo _9177699 |
|
| 852 |
_aES-MaACL _jL-16626 _bR.118097 |
||
| 999 |
_c9275 _d9275 |
||